00775nam a22001937a 450000500170000001000150001702000270003203500130005903700130007208200110008510000330009624501400012926000420026927000720031130000280038394200250041199900170043695201280045320140905120725.0 aENG-110747 a9788183876209c1500.00 aEN-94279 bDBAD/PUB a954.84 aReddy, Devireddy Subramanyam aColonialism and resistance in India :cby Devireddy Subramananyam Reddyba study of the palegars of Chittoor palems of Andhra Pradesh / aNew DelhibSerials Publicationsc2014 a4830/24, Prahlad Street, Ansari Road, Darya GanjbNew Delhie110002 a393p. :c24cm(Hb)bmaps 2ddccENh954.84mRED c88308d88308 001040718NFICaDBADbDBADd2014-09-04eDBAD / PUBg1500.00l0o954.84 REDpEN-94279r2014-09-04 00:00:00t1v1500.00yEN